000 00431nam a2200145 i 4500
001 183909
003 ES-MaACL
005 20230906222012.0
008 141121s1871 fr |||| | fre d
245 0 3 _aLe Comité de Salut public.
260 _aParis :
_bE. Dentu,
_c1871.
300 _a66 p. ;
_c22 cm.
610 1 4 _aFrancia.
_bConvention Nationale, 1792-1795.
_bComité de Salut Public.
_9139342
852 _aES-MaACL
_jT-120-F-4
999 _c183909
_d183909